Datum a čas kvízu
33
Celkem bodů
Celkový počet nahraných bodů na tomto kvízu bez doplňovacích otázek.
5.
Pořadí na kvízu
Konečné umístění týmu na tomto kvízu.
Zaznamenané odpovědi
| # | Otázka | Odpověď | Body | Výsledky |
|---|---|---|---|---|
| 1. | Minulý týden byla představena... | na Ještěd | 1 | |
| 2. | Britský královský pár minulou... | Řím | 0 | |
| 3. | Po více než třiceti letech se... | Karavan | 0 | |
| 4. | Ve středu jsme se dozvěděli, ž... | MARS (4×4) | 0 | |
| 5. | Ve středu začalo hokejové mist... | České Budějovice | 0 | |
| 6. | Dovtípíte se, co bylo objeveno... | Velikonoční ostrov | 1 | |
| 7. | S Velikonocemi je spojena řada... | o holubici | 0 | |
| 8. | Velký pátek je v České republi... | 2016 (2015–2017) | 1 | |
| 9. | Dny, které jsou nějak spojené... | 1C 2A 3D 4B | 1 | |
| 10. | Australané nejsou vzhledem k t... | bandikut (králíkovitý) | 1 |